Statistiques concernant Quizz culture générale 2

Cliquez ici pour prendre le quiz!

Statistiques générales

  • Ce quiz a été pris 194 fois
  • Le résultat moyen est 7 sur 20

Statistiques - réponses

HintRéponse% Correct
Quel est le prénom du peintre français Monet ?Claude
71%
De quel français vient la citation "Rien ne se perd, rien ne se crée, tout se transforme" ?Antoine Lavoisier
55%
Quel footballeur est surnommé "El Fenomeno" ?Ronaldo
55%
Comment appelle-t-on un mot pouvant se lire dans les deux sens ?Palindrome
50%
Qui est le meilleur scoreur de l'histoire de la NBA ?Lebron James
49%
Quel groupe est l'auteur de l'album le plus vendu de l'histoire du rap français ?IAM
46%
Dans quel lieu a été tourné la première vidéo YouTube ?Zoo
43%
Quel est l'équivalent du général d'armée pour la Marine ?Amiral
41%
Quel est le nom souvent donné à tord du "tube fluorescent" ?Néon
39%
Quelle est la ville africaine la plus peuplée ?Lagos
36%
Quelle théorie philosophique a été créée par Sigmund Freud ?Psychanalyse
34%
Quelle ville est la préfecture du Val de Marne (94) ?Créteil
29%
Quel navigateur a donné le nom "Canada" au pays que nous connaissons ?Jacques Cartier
26%
Qui est surnommé le boucher de Lyon ?Klaus Barbie
24%
Quel est le premier film du réalisateur Quentin Tarantino ?Reservoir Dogs
18%
Quelle actuelle ville russe enclavée se nommait "Königsberg" ?Kaliningrad
16%
En mathématiques, comment appelle-t-on une proposition qui se déduit immédiatement d'une proposition déjà démontrée ?Corollaire
14%
Dans quelle ville française se trouve la cathédrale Notre-Dame-de-l'Assomption ?Clermont-Ferrand
4%
Qui a écrit "Le Monde comme volonté et comme représentation" ?Arthur Schopenhauer
2%
Comment appelle-t-on un regroupement d’étoiles n’appartenant pas à la même constellation ?Astérisme
1%

Distribution des résultats

Percentile par nombre de réponses

% des personnes avec chaque résultat

Votre développement - résultats

Vous n’avez pas pris ce quiz